| 000 | 00494cam a2200205ua 4500 | ||
|---|---|---|---|
| 020 | _c84.00 | ||
| 041 |
_aeng _h |
||
| 082 |
_a621.43 _bLEW/CO |
||
| 100 | _aLewis, B . | ||
| 245 | 0 | 0 |
_aCombustion processes, Vol 2 / _cB Lewis. _hTextual Documents |
| 250 |
_a1 / _b. |
||
| 260 |
_aLondon : _bOxford University Press , _c1956. |
||
| 300 | _a662 ; . | ||
| 365 | _a84.00 | ||
| 504 | _a | ||
| 700 | 1 | _aPease, R N . | |
| 700 | 1 | _aTaylor, H S . | |
| 942 | _cBK | ||
| 999 |
_c9148 _d9148 |
||